Imprints of The Populist Time / (Record no. 201751)
[ view plain ]
| 000 -LEADER | |
|---|---|
| fixed length control field | 00571nam a22001817a 4500 |
| 005 - DATE AND TIME OF LATEST TRANSACTION | |
| control field | 20240322152641.0 |
| 010 ## - LCCN (DPL NO) | |
| LC control number | ENG-139729 |
| 020 ## - INTERNATIONAL STANDARD BOOK NUMBER | |
| International Standard Book Number | 9789354422584 |
| Terms of availability | 1105.00 |
| 035 ## - SYSTEM CONTROL NUMBER | |
| System control number | EN-123261 |
| 037 ## - SOURCE OF ACQUISITION | |
| Source of stock number/acquisition | DBAD |
| 082 ## - DEWEY DECIMAL CLASSIFICATION NUMBER | |
| Classification number | 954.52 |
| 100 ## - MAIN ENTRY--PERSONAL NAME | |
| Personal name | Samaddar, Ranabir |
| 245 ## - TITLE STATEMENT | |
| Title | Imprints of The Populist Time / |
| Statement of responsibility, etc | by Ranabir Samaddar |
| 260 ## - PUBLICATION, DISTRIBUTION, ETC. (IMPRINT) | |
| Place of publication, distribution, etc | Hyderabad |
| Name of publisher, distributor, etc | Orient Blackswan Private Ltd |
| Date of publication, distribution, etc | 2022 |
| 270 ## - ADDRESS | |
| Address | 3-6-752, Himayatnagar |
| City | Hyderabad |
| Postal code | 500029 |
| Electronic mail address | info@orintblackswan.com |
| 300 ## - PHYSICAL DESCRIPTION | |
| Extent | xii,339p. |
| Dimensions | 21cm(Pb) |
| 942 ## - ADDED ENTRY ELEMENTS (KOHA) | |
| Source of classification or shelving scheme | Dewey Decimal Classification |
| Item type | English Books |
| Classification part | 954.52 |
| Call number suffix | SAM |
| Withdrawn status | Lost status | Not for loan | Collection code | Home library | Current library | Date acquired | Source of acquisition | Cost, normal purchase price | Full call number | Barcode | Copy number | Cost, replacement price | Koha item type |
|---|---|---|---|---|---|---|---|---|---|---|---|---|---|
| Non-fiction | Bawana | Bawana | 22/03/2024 | DBAD | 1105.00 | 954.52 SAM | EN-123261 | 1 | 1105.00 | English Books |
